Lidová kultura v raně novověké Europě

Saved in:
Bibliographic Details
Main Author: Burke, Peter (Author)
Other Authors: Křížová, Markéta (Translator)
Format: Book
Published: Praha : ARGO, 2005
Series:Každodenní život sv. 22
Tags: Add Tag
No Tags, Be the first to tag this record!

MARC

LEADER 00000nam a22000003a 4500
001 stu97622
005 20150617225814.7
008 051116s2005----------------------------d
020 |a 80-7203-638-6 
040 |a STU  |b slo 
041 0
100 1 |a Burke, Peter  |4 aut 
245 1 |a Lidová kultura v raně novověké Europě 
260 |a Praha :  |b ARGO,  |c 2005 
300 |a 374 s 
700 1 |a Křížová, Markéta  |4 trl 
830 0 |a Každodenní život  |v sv. 22 
996 |c A*4372  |l AA3130  |s P  |a 0  |w stu97622_0001